Sistema de control de la información de tipo administrativo de los recursos humanos de instituciones bancarias /

Збережено в:
Бібліографічні деталі
Автор: Olvera Moreno, Rafael (autor)
Формат: Дисертація Книга
Мова:Іспанська
Опубліковано: Guadalajara, México : edición de autor, 1992
Предмети:
Теги: Додати тег
Немає тегів, Будьте першим, хто поставить тег для цього запису!

MARC

LEADER 00000nam^a2200000^a^4500
001 000044968
005 20250521000000.0
009 20260526115034.225
037 |a Acervo ITESO - Biblioteca 
041 |a ESP 
090 |a LAC. 33 
100 |a Olvera Moreno, Rafael  |e (autor) 
245 1 0 |a Sistema de control de la información de tipo administrativo de los recursos humanos de instituciones bancarias /  |c R. Olvera Moreno. 
264 1 |a Guadalajara, México :  |b edición de autor,  |c 1992 
300 |a 363 p. 
336 |a texto  |b txt  |2 rdacontenido 
337 |a sin mediación  |b n  |2 rdamedio 
338 |a volumen  |b nc  |2 rdasoporte 
502 |a ITESO Tesis de Licenciatura en Administración Area Computación 
649 |a XX 
650 |a Automatización 
650 |a Automatización 
910 |a Fondo General 
920 |a Impresos - Tesis del ITESO 
930 |a Colección General 
905 |a 104 
901 |a T017270100  |b IT2  |c TSS  |i 801727  |u 20250521 
902 |a https://opac.biblio.iteso.mx/vufind/Record/000044968